Ứng dụng Autodesk Revit trong thiết kế kiến trúc
Gồm các phần: Các thiết lập cơ bản; Vẽ đối tượng kết cấu, kiến trúc; Thư viện family; Triển khai chi tiết; Tạo bảng thống kê; Khung tên và diễn họa; Thiết kế ý tưởng và địa hình; TM tham khảo tr.185...
Gorde:
| Egile nagusia: | |
|---|---|
| Beste egile batzuk: | |
| Formatua: | Liburua |
| Hizkuntza: | Undetermined |
| Argitaratua: |
H.
Xây dựng
2018
|
| Gaiak: | |
| Sarrera elektronikoa: | http://lrc.tdmu.edu.vn/opac/search/detail.asp?aID=2&ID=35103 |
| Etiketak: |
Etiketa erantsi
Etiketarik gabe, Izan zaitez lehena erregistro honi etiketa jartzen!
|
| Thư viện lưu trữ: | Trung tâm Học liệu Trường Đại học Thủ Dầu Một |
|---|
| LEADER | 01117nam a2200217Ia 4500 | ||
|---|---|---|---|
| 001 | TDMU_35103 | ||
| 008 | 210410s9999 xx 000 0 und d | ||
| 082 | |a 628.1 | ||
| 090 | |b NG527 | ||
| 100 | |a Nguyễn, Mạnh Tuấn | ||
| 245 | 0 | |a Ứng dụng Autodesk Revit trong thiết kế kiến trúc | |
| 245 | 0 | |c Nguyễn Mạnh Tuấn chủ biên, Phạm Văn Hoàn, Trần Tiến Đạt | |
| 260 | |a H. | ||
| 260 | |b Xây dựng | ||
| 260 | |c 2018 | ||
| 300 | |a 188tr. | ||
| 520 | |a Gồm các phần: Các thiết lập cơ bản; Vẽ đối tượng kết cấu, kiến trúc; Thư viện family; Triển khai chi tiết; Tạo bảng thống kê; Khung tên và diễn họa; Thiết kế ý tưởng và địa hình; TM tham khảo tr.185 | ||
| 650 | |a Kiết trúc |x Thiết kế |x Ứng dụng phần mềm; Phần mềm Autodesk Revit | ||
| 700 | |a Phạm,Văn Hoàn | ||
| 856 | |u http://lrc.tdmu.edu.vn/opac/search/detail.asp?aID=2&ID=35103 | ||
| 980 | |a Trung tâm Học liệu Trường Đại học Thủ Dầu Một | ||